000 00851nam a2200241 i 4500
001 bg
245 0 0 _aDruga fala polskich reform /
_cpod red. Leny Kolarskiej-Bobińskiej ; Instytut Spraw Publicznych.
260 _aWarszawa :
_bISP,
_c1999.
300 _a326 s. :
_b2 wykr. ;
_c24 cm.
504 _aBibliogr. s. 247-248.
650 9 _aSektor publiczny
_xreforma
_zPolska
_yod 1989 r.
650 9 _aTransformacja systemu społeczno-gospodarczego
_xzagadnienia
_zPolska
700 1 _aKOLARSKA-BOBIŃSKA, Lena
_d(1947- ).
_eRed.
710 0 _aInstytut Spraw Publicznych
020 _a8386917571
040 _cBPK
041 0 _apl
080 _a338.24.021.8:336.13](438)"1989/..."
920 _a83-86917-57-1
942 _cKS
008 s pl f |000 0 pol
999 _c39140
_d39140
856 _uhttp://koha.tu.koszalin.pl/cgi-bin/koha/opac-detail.pl?biblionumber=39140
_yKatalog online BPK